000
00251nam a22000977a 4500
008
230418b |||||||| |||| 00| 0 eng d
020
_a
9781789097832
100
_a
Wilkes Ally
_9
7666
245
_a
All the White Spaces
260
_a
London
_b
Titan Books
_c
2022
999
_c
12260
_d
12260